000 00913cam a2200277 4500
001 J3186
008 090401t1995 xxu||||| |||| 00| 0 eng d
035 _a(Sirsi) u53597
041 _aeng
050 _a692.8
090 _aJCT 1995/15A
110 _aJoint Contracts Tribunal
_93664
245 _aStandard Form of Building Contract with Contractor`s Design 1981 edition ... Amendment 9 and guidance note issued July 1995: effect of final account and final statement.
260 _aLondon
_bRIBA Publications
_c1995
300 _a4p. ; 30cm.
350 _a0.5
650 _aAMENDMENT 9
650 _aBUILT ENVIRONMENT-BUILDING CONTRACT FORMS
650 _aCONTRACTORS DESIGN
650 _aFINAL ACCOUNT
650 _aFINAL STATEMENT
650 _aJCT STANDARD FORM OF CONTRACT WITH CONTRACTORS DESIGN
690 _aBUILT ENVIRONMENT-BUILDING CONTRACT FORMS
942 _n0
948 _c04/03/1997
999 _c93301
_d93301